| 000 | 00680nam a2200217 a 4500 | ||
|---|---|---|---|
| 999 |
_c4622 _d4622 |
||
| 001 | 4622 | ||
| 003 | BD-JhCC | ||
| 005 | 20171129102312.0 | ||
| 008 | 870917s1985 bg 001 0 ben | ||
| 035 | _a(BD-JhCC) | ||
| 040 |
_aBD-JhCC _dBD-JhCC |
||
| 041 | _aben | ||
| 082 | 0 | 0 |
_a303 _bSID 1985 |
| 100 | 1 | _aসিদ্দিকী, কামাল | |
| 245 | 1 | 0 |
_aপল্লী উন্নয়ন পরিভাষা / _cকামাল সিদ্দিকী |
| 260 |
_aঢাকা: _bবাংলা একাডেমী; _c১৯৮৫ |
||
| 300 |
_a80 p.; _c22 cm |
||
| 650 | 0 | _aTerminology of Rural Development | |
| 700 | 1 | _aStrange, Jerry D. | |
| 942 |
_2ddc _cBK |
||